Vowel-less Movie Titles IV Quiz Stats

Quiz Updated Jun 14, 2016

Challenge
Share
Tweet
Embed
Score 0/20 Timer 05:00
0 Plays Today
Title Without Vowels Full Title % Correct
FLL MTL JCKTFull Metal Jacket
97.5%
TH XRCSTThe Exorcist
96.2%
N TH WTRFRNTOn The Waterfront
93%
CRZ STPD LVCrazy, Stupid, Love
92.2%
N FLW VR TH CCKS NSTOne Flew Over The Cuckoo's Nest
91.2%
TH SL SSPCTSThe Usual Suspects
90.8%
HGH FDLTHigh Fidelity
90%
NGLRS BSTRDSInglourious Basterds
89.8%
TH NTBKThe Notebook
82.1%
CSN RYLCasino Royale
79.9%
Title Without Vowels Full Title % Correct
TH MLTS FLCNThe Maltese Falcon
79.7%
PTCH PRFCTPitch Perfect
78.6%
SPRBDSuperbad
77.4%
MN F STLMan of Steel
77%
TH LLSNSTThe Illusionist
76.9%
BTLJCBeetlejuice
75.2%
LNG CM PLLAlong Came Polly
73.5%
TH CDR HS RLSThe Cider House Rules
67.7%
CRSS TH NVRSAcross The Universe
56%
ZTPZootopia
51.4%

You're not logged in!

Compare scores with friends on all Sporcle quizzes.
Sign Up with Email
OR
Log In

You Might Also Like...

Show Comments

Extras

Top Quizzes Today


Score Distribution

Your Account Isn't Verified!

In order to create a playlist on Sporcle, you need to verify the email address you used during registration. Go to your Sporcle Settings to finish the process.